000 00989nam a2200289 a 4500
001 25501
003 CO-ViMGA
005 20230915232101.0
008 141112s2004 ck r 000 u spa d
015 _ack - 1990 - xxxx
020 _a9583500216
035 _aAFE2867 LA
040 _aCO-ViMGA
_bspa
_cCO-ViMGA
041 _aspa
082 0 4 _a340.1 C17c4
100 1 _aCarnelutti, Francesco, 1879 - 1965.
_938941
245 1 0 _aCómo nace el derecho /
_cpor Francesco Carnelutti ; traducción de Santiago Sentís Melendo y Marino Ayerra Redín.
250 _a4a. ed.
260 _aBogotá :
_bEditorial Temis,
_c2013.
300 _a87 p. ; 17 cm.
490 _aMonografías jurídicas ; 1
650 1 4 _aFilosofía del derecho.
700 1 _aSentís Melendo, Santiago, tr.
_938942
942 _2ddc
_cBK
949 _an n
999 _c33085
_d33085